|
|
|
|
| LEADER |
03150nem a22006132a 4500 |
| 001 |
mzk03000735498 |
| 003 |
CZ BrMZK |
| 005 |
20181025134722.0 |
| 007 |
aj|ca||| |
| 008 |
040915q17891800gw |||||||e|||||0 ||latod |
| 034 |
0 |
|
|a a
|d W1800000
|e E1800000
|f N0900000
|g S0900000
|
| 040 |
|
|
|a BOA001
|b cze
|c BOA001
|
| 043 |
|
|
|a e------
|a a------
|a f------
|
| 072 |
|
7 |
|a 912:904
|x Staré mapy
|2 Konspekt
|9 7
|
| 080 |
|
|
|a (084.3)
|2 MRF
|
| 080 |
|
|
|a (4)
|2 MRF
|
| 080 |
|
|
|a (5)
|2 MRF
|
| 080 |
|
|
|a (6)
|2 MRF
|
| 080 |
|
|
|a (0.068)094
|2 MRF
|
| 100 |
1 |
|
|a Lotter, Tobias Conrad,
|d 1717-1777
|7 jx20050202002
|4 aut
|
| 245 |
1 |
0 |
|a Atlas minor praecipua Orbis terrarum Imperia, Regna et Provincias, Germaniae potissimum
|h [kartografický dokument] :
|b tabelli 83 exacte delineatis sistens usui militiae ducum ac peregrinantium maxime accommodatus opera /
|c Tobiae Conradi Lotteri, Chalcographi et Geographi Aug. Vind. Cum Privileg: S. R. I. Vicariatus in part Rheni, Franc. et Suev. juris ; Martin Gottfrid Crophius sculps. Iacob Christoph Weyerman inv. et delin.
|
| 255 |
|
|
|a Měřítka různá
|c (180°00´00" z.d.--180°00´00" v.d./090°00´00" s.š.--090°00´00" j.š.)
|
| 260 |
|
|
|a Augsburg :
|b Joh. Martin Will,
|c [mezi 1789 a 1800]
|
| 300 |
|
|
|a 1 atlas (83 listů) :
|b mědirytina, ručně kolorovaná ;
|c 21,5 x 28,5 cm
|
| 500 |
|
|
|a Ručně kolorované mědirytinové mapy s nápisovou kartuší, měřítky a severkou, v mapovém rámci geografické souřadnice
|
| 500 |
|
|
|a Vlastním mapám předchází mědirytinový obsah: Catalog oder Anzeigung der Geographischen, Chronologisch- und Topographische Charten, von Tobias Conrad Lotters sel. Erben, welche anjezo bey Joh. Martin Will Kunstverleger in Augsburg käuflich zu haben sind
|
| 510 |
3 |
|
|a DNB
|
| 561 |
|
|
|a Provenience: Görz v. Fertin
|
| 563 |
|
|
|a Kožená vazba s rámcem
|
| 590 |
|
|
|a Chybí listy 82, 83
|
| 500 |
|
|
|a Dostupné též v digitální podobě v aplikaci Kramerius
|
| 651 |
|
7 |
|a Evropa
|7 ge137210
|2 czenas
|
| 651 |
|
7 |
|a Afrika
|7 ge137148
|2 czenas
|
| 651 |
|
7 |
|a Asie
|7 ge131486
|2 czenas
|
| 653 |
|
|
|a atlasy
|
| 655 |
|
7 |
|a staré tisky
|7 fd422076
|2 czenas
|
| 655 |
|
7 |
|a historické mapy
|7 fd186723
|2 czenas
|
| 700 |
1 |
|
|a Seutter, Matthäus,
|d 1678-1757
|7 mzk2006356135
|4 ill
|
| 700 |
1 |
|
|a Weyermann, Jakob Christoph,
|d 1698-1757
|7 mzk2009533451
|4 egr
|
| 700 |
1 |
|
|a Crophius, Martin Gottfried,
|d činný ca 1730-1770
|4 egr
|
| 700 |
1 |
|
|a Seutter, Albrecht Carl,
|d 1722-1762
|7 mzk2008453613
|4 egr
|
| 700 |
1 |
|
|a Lainpacher, Matthaeus Petter,
|c činný 18. stol.
|4 egr
|
| 700 |
1 |
|
|a Silbereisen, Andreas,
|d 1713-1751
|4 egr
|
| 856 |
4 |
1 |
|u http://www.digitalniknihovna.cz/mzk/view/uuid:7cf76452-4c19-4dc9-9142-e2ade52791f3
|y Digitalizovaný dokument
|
| 856 |
4 |
1 |
|u https://imageserver.mzk.cz/mzk03/000/735/498/000735498.titul.jp2
|y Titulní list
|
| 903 |
|
|
|a RP
|
| 910 |
|
|
|a BOA001
|b ST3-0763.834
|
| 978 |
|
|
|b Will, Johann Martin
|a Augsburg
|c 1789-1800
|
| 984 |
|
|
|a Augsburg
|b Německo
|
| 985 |
|
|
|a 1751-1800
|
| 990 |
|
|
|a MP
|
| 993 |
|
|
|a Y
|
| 991 |
|
|
|k mzk
|
| 996 |
6 |
|
|b 2619312117
|c ST3-0763.834
|l stud. ST
|r Sklad / do násl. otevíracího dne
|n 0
|w 000735498
|u 000010
|a 1
|e BOA001
|s P
|